| 000 | 00773nam a2200217 a 4500 | ||
|---|---|---|---|
| 001 | 0436 | ||
| 005 | 20140414131908.0 | ||
| 008 | 040109s19uu xx 00 eng d | ||
| 020 | _a0-679-89228-1 | ||
| 050 |
_aER _bB35 2000 |
||
| 100 | _aBerenstain, Stan, 1923 | ||
| 245 |
_aThe Berenstain bears : _cStan Berenstain & Jan. _bescape of the Bogg brothers / |
||
| 260 |
_aCanada : _bRandom House, _c2000. |
||
| 300 | _a48 p. : ill. ; cm. | ||
| 440 | _aThe Berenstain Bears | ||
| 520 | _aThe Bear Detectives get to work when the nasty Bogg Brothers escape from jail and threaten to plunder the Bearsonian, the biggest museum in Bear Country. | ||
| 650 |
_aBears _xFiction. |
||
| 650 |
_aMuseums _xFiction. |
||
| 650 | _aMystery and detective stories. | ||
| 999 |
_c111081 _d111081 |
||